Statistics for Charles Dickens Bibliography

Click here to take the quiz!

General Stats

  • This quiz has been taken 83 times
    (20 since last reset)
  • The average score is 19 of 223

Answer Stats

TypeYearName% Correct
Novel1860Great Expectations
91%
Novel1837Oliver Twist; or, The Parish Boy's Progress
91%
Novella1843A Christmas Carol
82%
Novel1859A Tale of Two Cities
82%
Novel1838The Life and Adventures of Nicholas Nickleby
82%
Novel1837The Posthumous Papers of the Pickwick Club
82%
Novel1849David Copperfield
73%
Novel1846Dombey and Son
73%
Novel1854Hard Times: For These Times
73%
Novel1855Little Dorrit
64%
Novel1864Our Mutual Friend
64%
Novel1870The Mystery of Edwin Drood
64%
Novel1840The Old Curiosity Shop
64%
Novel1841Barnaby Rudge: A Tale of the Riots of Eighty
55%
Novel1852Bleak House
55%
Novella1845The Cricket on the Hearth: A Fairy Tale of Home
55%
Novel1842The Life and Adventures of Martin Chuzzlewit
55%
Novella1852The Battle of Life
45%
Novel1846The Battle of Life: A Love Story
45%
Novella1844The Chimes: A Goblin Story of Some Bells That Rang an Old Year Out and a New Year In
45%
Novella1848The Haunted Man and the Ghost's Bargain
45%
Short Story Collection1836Sketches by Boz
36%
Short Story1835A Passage in the Life of Mr. Watkins Tottle
18%
Short Story1834Horatio Sparkins
18%
Short Story1833Mr. Minns and His Cousin
18%
Short Story1834Mrs. Joseph Porter
18%
Short Story1834Sentiment
18%
Short Story1836The Black Veil
18%
Short Story1836The Black Veil
18%
Short Story1834The Bloomsbury Christening
18%
Short Story1834The Boarding-House
18%
Short Story1836The Drunkard's Death
18%
Short Story1836The Great Winglebury Duel
18%
Short Story1834The Steam Excursion
18%
Short Story1837A Madman's Manuscript
9%
Travelogue1842American Notes for General Circulation
9%
Short Story1838Baron Koëldwethout's Apparition
9%
Short Story1838Familiar Epistle from a Parent to a Child
9%
Short Story1838Mr. Robert Bolton
9%
Novella1890No Thoroughfare
9%
Play1867No Thoroughfare
9%
Short Story1835Our Parish
9%
Short Story1837Public Life of Mr. Tulrumble
9%
Short Story1837Some Particulars Concerning a Lion
9%
Short Story1837The Bagman's Story
9%
Short Story1836The Convict's Return
9%
Short Story1835The Dancing Academy
9%
Short Story1837The First Meeting
9%
Short Story1839The Five Sisters of York
9%
Short Story1838The Lamplighter
9%
Play1838The Lamplighter
9%
Short Story1836The Old Man's Tale About the Queer Client
9%
Short Story1837The Pantomime of Life
9%
Short Story1836The Parish Clerk
9%
Short Story1837The Second Meeting
9%
Short Story1837The Story of the Bagman's Uncle
9%
Short Story1836The Story of the Goblins Who Stole a Sexton
9%
Short Story1836The Stroller's Tale
9%
Short Story1837The True Legend of P.B.
9%
Short Story1836The Tuggses at Ramsgate
9%
Short Story1850A Child's Dream of a Star
0%
Non-Fiction Book1851A Child's History of England
0%
Poem1856A Child's Hymn
0%
Essay1850A Christmas Tree
0%
Essay1850A Coal Miner's Evidence
0%
Short Story1840A Confession Found in a Prison in the Time of Charles the Second
0%
Essay1852A Curious Dance Round a Curious Tree
0%
Essay1866Adelaide Anne Procter: An Introduction to Her Legends and Lyrics
0%
Essay1851A Flight
0%
Poem1844All Hail to the Vessel of Pecksniff the Sire
0%
Essay1851A Monument of French Folly
0%
Essay1862An Enlightened Clergyman
0%
Essay1852A Plated Article
0%
Essay1850A Poor Man's Tale of a Patent
0%
Essay1869A Slight Question of Fact
0%
Essay1850A Walk in a Workhouse
0%
Poem1844A Word in Season
0%
Short Story1865Barbox Brothers
0%
Essay1851Bill-Sticking
0%
Essay1851Births. Mrs. Meek, of a Son
0%
Essay1846Capital Punishment
0%
Short Story1860Captain Murderer
0%
Short Story Collection1852Christmas Books
0%
Essay1835Christmas Festivities
0%
Short Story1850Christmas Ghosts
0%
Short Story Collection1868Christmas Stories
0%
Writings Collection1912Contributions to All the Year Round
0%
Essay1846Crime and Education
0%
Essay1853Down with the Tide
0%
Poem1838Duet
0%
Essay1869Explanatory Introduction to Religious Opinions by the Late Reverend Chauncey Hare Townshend
0%
Essay1859Five New Points of Criminal Law
0%
Short Story1861Four Ghost Stories
0%
Essay1853Frauds on the Fairies
0%
Poem1837Gabriel Grub's Song
0%
Short Story1868George Silverman's Explanation
0%
Short Story1858Going into Society
0%
Short Story1862He's Leaving It Till Called For
0%
Short Story1862His Boots
0%
Short Story1862His Brown-Paper Parcel
0%
Short Story1862His Wonderful End
0%
Short Story1868Holiday Romance
0%
Short Story1864How Jemmy Topped Up
0%
Short Story1863How Mrs. Lirriper Carried on the Business
0%
Short Story1864How She Went On, and Went Over
0%
Short Story1863How the Parlour Added a Few Words
0%
Novelette1859Hunted Down
0%
Essay1864In Memoriam: W. M. Thackeray
0%
Play1837Is She His Wife?
0%
Poem1844It May Lighten and Storm
0%
Essay1869Landor's Life
0%
Essay1859Leigh Hunt: A Remonstrance
0%
Letter Collection1982Letters of Charles Dickens to Wilkie Collins
0%
Essay1852Lying Awake
0%
Short Story1855Mark Hansel's Visitor
0%
Short Story1843Marley's Ghost
0%
Periodical1840-1841Master Humphrey's Clock
0%
Writings Collection1912Miscellaneous Papers
0%
Play1851Mr. Nightingale's Diary
0%
Short Story1837Mr Pickwick on the Ice
0%
Short Story1860Mr. Testator's Visitation
0%
Poem1849New Song
0%
Short Story1853Nobody's Story
0%
Essay1860Nurse's Stories
0%
Essay1851On Duty with Inspector Field
0%
Essay1869On Mr. Fletcher's Acting
0%
Essay1852Our Bore
0%
Essay1851Our English Watering-Place
0%
Essay1854Our French Watering-Place
0%
Essay1852Our Honourable Friend
0%
Essay1851Our School
0%
Essay1852Our Vestry
0%
Essay1855Out of the Season
0%
Essay1855Out of Town
0%
Short Story1861Picking Up Miss Kimmeens
0%
Short Story1861Picking Up Soot and Cinders
0%
Short Story1861Picking Up the Tinker
0%
Travelogue1846Pictures from Italy
0%
Short Story1855Prince Bull: A Fairy Tale
0%
Poem1857Prologue
0%
Poem1855Prologue
0%
Poem1842Prologue
0%
Essay1863Rather a Strong Dose
0%
Short Story Collection1861Reprinted Pieces
0%
Short Story Collection1840Sketches of Young Couples
0%
Short Story Collection1838Sketches of Young Gentlemen
0%
Poetry Collection1836Songs from The Village Coquettes
0%
Essay Collection1870Speeches, Letters and Sayings
0%
Poem1841Subjects for Painters
0%
Non-Fiction Book1836Sunday Under Three Heads
0%
Essay1844The Agricultural Interest
0%
Essay1850The Begging-Letter Writer
0%
Short Story1855The Bill
0%
Short Story1855The Boots
0%
Short Story1865The Boy at Mugby
0%
Poem1846The British Lion
0%
Short Story1852The Child's Story
0%
Short Story1860The City of the Absent
0%
Poetry Collection1885The Complete Poems of Charles Dickens
0%
Essay1850The Detective Police
0%
Poem1841The Fine Old English Gentleman
0%
Short Story1854The First Poor Traveller
0%
Play1856The Frozen Deep
0%
Short Story1857The Ghost Chamber
0%
Short Story1859The Ghost in Master B.'s Room
0%
Short Story1857The Ghost in the Bride's Chamber
0%
Essay1850The Ghost of Art
0%
Short Story1837The Ghost of the Mail
0%
Short Story1862The Goodwood Ghost Story
0%
Short Story1855The Guest
0%
Short Story1857The Hanged Man's Bride
0%
Novelette1859The Haunted House
0%
Short Story1857The History of a Self-Tormentor
0%
Poem1846The Hymn of the Wiltshire Labourers
0%
Short Story1857The Island of Silver-Store
0%
Poem1837The Ivy Green
0%
Short Story1851The Last Words of the Old Year
0%
Essay1867The Late Mr. Stanfield
0%
Short Story1837The Lawyer and the Ghost
0%
Non-Fiction Book1934The Life of Our Lord
0%
Short Story1853The Long Voyage
0%
Essay1854The Lost Arctic Voyagers
0%
Poem1839The Loving Ballad of Lord Bateman
0%
Short Story1868The Magic Fishbone
0%
Essay1863The Martyr Medium
0%
Short Story1860The Money
0%
Short Story1859The Mortals in the House
0%
Short Story Collection1838The Mudfog Papers
0%
Essay1854The Noble Savage
0%
Essay1859The Poor Man and His Beer
0%
Short Story1852The Poor Relation's Story
0%
Short Story1861The Portrait-Painter's Story
0%
Poem1841The Quack Doctor's Proclamation
0%
Short Story1837The Queer Chair
0%
Short Story1857The Rafts on the River
0%
Short Story1860The Rat That Could Speak
0%
Short Story1860The Restitution
0%
Short Story1854The Road
0%
Poem1837The Romance of Dick Turpin
0%
Short Story1853The Schoolboy's Story
0%
Short Story1866The Signal-Man
0%
Poem1855The Song of the Wreck
0%
Essay1845The Spirit of Chivalry in Westminster Hall
0%
Play1836The Strange Gentleman
0%
Short Story1859The Substance of the Shadow
0%
Essay1859The Tattlesnivel Bleater
0%
Short Story1855The Thousand and One Humbugs
0%
Short Story1865The Trial for Murder
0%
Short Story1837The Trial from Pickwick
0%
Writings Collection1860The Uncommercial Traveller
0%
Short Story1860The Village
0%
Play1836The Village Coquettes
0%
Short Story1856The Wreck
0%
Essay1862The Young Man from the Country
0%
Essay1844Threatening Letter to Thomas Hood from an Ancient Gentleman
0%
Essay1850Three Detective Anecdotes
0%
Short Story Collection1866Three Ghost Stories
0%
Short Story1852To Be Read at Dusk
0%
Short Story1865To Be Taken Immediately
0%
Short Story1865To Be Taken with a Grain of Salt
0%
Essay1871Vampyres and Ghouls
0%
Short Story1858Well Authenticated Rappings
0%
Essay1851What Christmas Is, as We Grow Older
0%

Score Distribution

Percentile by Number Answered

Percent of People with Each Score

Your Score History

You have not taken this quiz since the last reset